000
00225 a2200097 4500
001
24997
100
_a
Lawden, D.T
245
_a
Course in applied mathematics, A
260
_a
_b
Eng University Press
_c
090
_c
16944
_d
16944
942
_a
NUST-CAE
_c
M
_c
7718
999
_c
260070
_d
260070